Entry Personal Name
Number of records used in: 1
001 - CONTROL NUMBER
003 - CONTROL NUMBER IDENTIFIER
005 - DATE AND TIME OF LATEST TRANSACTION
- control field:
20191113151440.0
008 - FIXED-LENGTH DATA ELEMENTS
- fixed length control field:
970208n| acannaab| |n aaa
010 ## - LIBRARY OF CONGRESS CONTROL NUMBER
- LC control number:
n 89215393
040 ## - CATALOGING SOURCE
- Original cataloging agency:
DLC
- Transcribing agency:
DLC
100 10 - HEADING--PERSONAL NAME
- Personal name:
Maharajan, M.
670 ## - SOURCE DATA FOUND
- Source citation:
Gandhian thought, 1996:
- Information found:
t.p. (M. Maharajan; M.A., Ph. D., D. Litt.; Sch. of Gandhian Thought & Development Studies, Mahatma Gandhi U., Kottayam) jkt. (Dr.)